Dirección de la producción y de operaciones : (Record no. 21383)

000 -CABECERA
fixed length control field 00996nam a22002177a 4500
003 - IDENTIFICADOR DEL NÚMERO DE CONTROL
control field AR-CdUCM
008 - DATOS DE LONGITUD FIJA--INFORMACIÓN GENERAL
fixed length control field 190529b ||||| |||| 00| 0 spa d
020 ## - NÚMERO INTERNACIONAL ESTÁNDAR DEL LIBRO
ISBN 9788490352854
040 ## - FUENTE DE LA CATALOGACIÓN
Agencia/entidad que catalogó originalmente la obra MUNICIPALIDAD PROVINCIAL DEL CUSCO
Entidad que transcribió la catalogación BIBLIOTECA MUNICIPAL DEL CUSCO
082 ## - NÚMERO DE LA CLASIFICACIÓN DECIMAL DEWEY
No. de Clasificación 657.4/H2D
Notacion interna H2D
No. de la edición Once
100 ## - ENTRADA PRINCIPAL--NOMBRE DE PERSONA
Nombre Personal Heizer, Jay
245 ## - MENCIÓN DE TÍTULO
Título Dirección de la producción y de operaciones :
Resto del título Decisiones tácticas /
260 ## - PUBLICACIÓN, DISTRIBUCIÓN, ETC.
Lugar de publicación, distribución, etc. Madri ;
Nombre de la editorial, distribuidor, etc. Pearson,
Fecha de publicación, distribución, etc. 2015.
300 ## - DESCRIPCIÓN FÍSICA
Nº de Páginas Extensión 528 Páginas. :
Dimensiones 25 cm.
505 ## - NOTA DE CONTENIDO CON FORMATO
Nota de contenido formateada Contenido: Dirección de la cadena de suministros -- Gestión de inventarios -- Planificación agregada planificación de ventas y operaciones -- Planificación de las necesidades de materiales -- Herramientas para la toma de decisiones -- Programación lineal -- Modelos de transporte -- curvas de aprendizaje ...
650 ## - PUNTO DE ACCESO ADICIONAL DE MATERIA--TÉRMINO DE MATERIA
Descriptor Producción
9 (RLIN) 1785
650 ## - PUNTO DE ACCESO ADICIONAL DE MATERIA--TÉRMINO DE MATERIA
Descriptor Economía de la producción
9 (RLIN) 42524
650 ## - PUNTO DE ACCESO ADICIONAL DE MATERIA--TÉRMINO DE MATERIA
Descriptor Diseño de producción
9 (RLIN) 22213
942 ## - ELEMENTOS DE PUNTO DE ACCESO ADICIONAL (KOHA)
Fuente de clasificación
Tipo de item Libros-BMC
945 ## - PROCESAMIENTO DE INFORMACIÓN LOCAL (OCLC)
Catalogador Roel
Holdings
Estado de retiro (separado) Fuente de clasificación o esquema de estanterías Estado dañado Ubicación Sala donde se ubica Nombre de la colección Fecha de adquisición o compra Fuente de adquisición Costo, precio normal en soles Signatura topográfica Código de Barras Última vez visto (Koha) Tipo de ítem (Koha)
No     Sala Ciencias Sala Ciencias Book Cart 2020-03-06 Compra 50.00 657.4/H2D SC0000002211 2020-03-06 Libros-BMC
No     Sala Ciencias Sala Ciencias Book Cart 2020-03-06 Compra 50.00 657.4/H2D/e.2 SC0000002212 2020-03-06 Libros-BMC

Powered by Koha